| 000 | 00635nam a22001937a 4500 | ||
|---|---|---|---|
| 003 | AM-YeHGA | ||
| 040 | _aAM-YeHGA | ||
| 090 | _c435179 | ||
| 005 | 20250617155431.0 | ||
| 008 | 190530s ||||| |||| 00| 0 rus d | ||
| 041 | 0 | _arus | |
| 100 | 1 | _aНарожнов, Владимир Георгиевич. | |
| 245 | 1 | 0 |
_aТайна бессмертия: _b Пьеса в 4 д. / _cВ. Г. Нарожнов, В. В. Королевич. |
| 260 |
_aКалуга : _bКн. изд-во, _c1958 |
||
| 300 |
_a72 c., _bил. |
||
| 653 | 0 | _aРусская литература | |
| 700 | 1 | _aКоролевич, Вл | |
| 942 |
_2udc _cBK |
||
| 999 |
_c432584 _d432584 |
||